Siedma výstava umeleckej fotografie členov Zväzu slovenských fotografov

Bibliographic Details
Main Author: Viceník, Klaudius, 1940- (Author)
Format: Article
Language:Slovak
Subjects:

MARC

LEADER 00000nab a2200000 a 4500
001 vtls000167520
003 SK-MaSNL
005 20260303171513.0
008 111104c1983 xo 0 slo
015 |a SNBRB19rr/mm-uuuuu 
035 |a CL0177631 
040 |a SNKBUCL  |b slo  |c SNKBUCL  |e AACR2 
041 0 |a slo 
044 |a xo  |c SK 
080 |a 77.04:061.4  |2 1981 
080 |a 061.4  |2 1981 
100 1 |a Viceník, Klaudius,  |d 1940-  |4 aut  |9 250447 
245 1 0 |a Siedma výstava umeleckej fotografie členov Zväzu slovenských fotografov  |c Klaudius Viceník 
650 0 7 |a umelecká fotografia  |2 snkbucl  |9 29370 
655 7 |a články z novín a časopisov  |2 snkbucl  |9 267496 
773 0 |t Výtvarníctvo fotografia film  |g Roč. 21, č. 6 (1983), s. 12 
850 |a Slovenská národná knižnica v Martine  |a MTA001 
852 |a SNK  |b KIS3GCP 
958 |a RK 
992 |a RBX 
999 |c 2081821  |d 2083751